000 00513nam a2200193Ia 4500
005 20250423094545.0
008 250422s9999 xx 000 0 und d
020 _a0891816674
050 _aTN 871.35 .G46/
100 _a George B. Asquith
245 0 _aBasic Well Log Analysis
250 _a2nd ed.
260 _aTulsa, Okla
260 _b American Association of Petroleum Geologists
260 _c2004
300 _a244 p
650 _a Oil well logging. Petroleum--Geology.
942 _cBK
999 _c27597
_d27597